Animal physiology : adaptation and environment /

Bibliographic Details
Main Author: Schmidt-Nielsen, Knut, 1915-
Format: Book
Language:English
Published: Cambridge [England] ; New York : Cambridge University Press, 1979.
Edition:2d ed.
Subjects:

MARC

Tag First Indicator Second Indicator Subfields
LEADER 00000cam a2200000 i 4500
001 in00000063421
005 20151007083053.0
008 780606s1979 enka b 00110 eng
010 |a  78056822  
020 |z 0521221781. 
020 |a 0521290759 (pbk.) 
035 |a (OCoLC)04003687 
035 |9 AAF8810AM 
040 |a DLC  |c DLC  |d TXA  |d UtOrBLW 
049 |a TXAM  |c [1383229] 
050 0 0 |a QP31.2  |b .S363 1979 
082 0 |a 591.1 
100 1 |a Schmidt-Nielsen, Knut,  |d 1915- 
245 1 0 |a Animal physiology :  |b adaptation and environment /  |c Knut Schmidt-Nielsen. 
250 |a 2d ed. 
264 1 |a Cambridge [England] ;  |a New York :  |b Cambridge University Press,  |c 1979. 
300 |a xi, 560 pages :  |b illustrations ;  |c 24 cm. 
336 |a text  |b txt  |2 rdacontent 
337 |a unmediated  |b n  |2 rdamedia 
338 |a volume  |b nc  |2 rdacarrier 
504 |a Includes bibliographies and index. 
650 0 |a Physiology. 
999 |a MARS 
999 f f |s d8dbacf1-d22b-3cdc-9896-4f405f359e78  |i 7fcca6f0-9e40-3cb7-852a-b3ab5e434773  |t 0 
952 f f |p ric  |a Texas A&M University  |b Rellis Campus  |c Joint Library Facility  |d Remote Storage  |t 0  |e QP31.2 .S363 1979  |h Library of Congress classification  |i unmediated -- volume  |m A14804992214 
998 f f |a QP31.2 .S363 1979  |t 0  |l Remote Storage